[Event "Hastings7778"]
[Site "Hastings"]
[Date "1977.??.??"]
[Round "10"]
[White "Dzindzichashvili, Roman"]
[Black "Speelman, Jonathan S"]
[Result "1-0"]
[WhiteElo "2535"]
[BlackElo "2395"]

1.d4 g6 2.e4 Bg7 3.Nf3 d6 4.Bc4 Nf6 5.Qe2 c6 6.Bb3 O-O 7.O-O a5 8.a4 Bg4
9.Nbd2 e6 10.e5 dxe5 11.dxe5 Nd5 12.h3 Bxf3 13.Nxf3 Qb6 14.h4 Nd7 15.h5 Rfe8
16.Re1 Qb4 17.Bd2 Qg4 18.hxg6 hxg6 19.c3 Nc5 20.Bc2 Nf4 21.Bxf4 Qxf4 22.g3 Qg4
23.Kg2 b5 24.axb5 cxb5 25.Qxb5 Bf8 26.Qe2 Reb8 27.Rab1 Be7 28.Red1 Rd8 29.Rd4 Rxd4
30.cxd4 Nd7 31.Qb5 Ra7 32.Ra1 Bb4 33.Rh1 Be7 34.Qb3 Rc7 35.Bb1 Bg5 36.Qa3 Ra7
37.Qc3 Kg7 38.Qc8 Nf8 39.Bd3 Nh7 40.Qc3 Be7 41.Nh2 Qh5  1-0

[Event "Hastings7778"]
[Site "Hastings"]
[Date "1977.??.??"]
[Round "11"]
[White "Speelman, Jonathan S"]
[Black "Fedorowicz, John P"]
[Result "1/2-1/2"]
[WhiteElo "2395"]
[BlackElo "2440"]

1.c4 Nf6 2.Nf3 c5 3.d4 cxd4 4.Nxd4 e6 5.Nc3 b6 6.Ndb5 Bc5 7.Bf4 O-O 8.Bc7 Qe7
9.Bd6 Bxd6 10.Qxd6 Qxd6 11.Nxd6 Nc6 12.e3 Rd8 13.Be2 Kf8 14.O-O-O Ba6 15.Rd2 Ne7
16.Bf3 Rab8 17.Rhd1 Nc8 18.Ndb5 Bb7 19.Bxb7 Rxb7 20.b3 a6 21.Nd4 Na7 22.a4 Rc8
23.Kb2 Ke7 24.e4 d6 25.f3 Rc5 26.Nc2 Ne8 27.Nb4 Rh5 28.Nxa6 Rxh2 29.Nb4 h5
30.Nb5 Nxb5 31.cxb5 h4 32.Nc6+ Kf8 33.b4 h3 34.gxh3 Rxh3 35.Rd3 g6 36.Kc3 Nf6
37.Rb1 d5 38.a5 dxe4 39.a6 Rc7 40.a7 Rxa7 41.Rd8+ Kg7 42.Nxa7 Rxf3+ 43.Kc2 Nd5
44.Rxd5 exd5 45.Nc8 d4 46.Nxb6 Rf2+ 47.Kb3 d3 48.Nc4 Rh2 49.b6 Rh8 50.b7 Rb8
51.Nd6 f5 52.Ra1 e3 53.Kc3 d2 54.Kc2 Rd8 55.Kd1 f4 56.Ke2  1/2-1/2

[Event "Hastings7778"]
[Site "Hastings"]
[Date "1977.??.??"]
[Round "12"]
[White "Tarjan, James Edward"]
[Black "Speelman, Jonathan S"]
[Result "1/2-1/2"]
[WhiteElo "2495"]
[BlackElo "2395"]

1.d4 Nf6 2.c4 e6 3.Nf3 b6 4.e3 Bb7 5.Bd3 Be7 6.O-O O-O 7.b3 c5 8.Bb2 d6 9.Nc3 Nbd7
10.d5 exd5 11.cxd5 Re8 12.e4 Bf8 13.a4 Nb8 14.Re1 Nfd7 15.Ne2 Na6 16.Ng3 Nb4
17.Bb5 Bc8 18.Qd2 a6 19.Bf1 Ra7 20.Bc3 Ne5 21.Be2 Nxf3+ 22.Bxf3 g6 23.Nf1 Bg7
24.Ne3 Bxc3 25.Qxc3 Rae7 26.g3 Qc7 27.h4 h5 28.Bg2 Kh7 29.Rad1 b5 30.axb5 axb5
31.Qf6 Qd8 32.Ra1 Nd3 33.Rf1 Ne5 34.f4 Ng4 35.Nxg4 Bxg4 36.e5 Bf5 37.Ra6 Rd7
38.Qxd8 Rexd8 39.Rc1 c4 40.bxc4 bxc4 41.exd6 Bd3 42.Kf2 c3 43.Ra3 Rxd6 44.Rcxc3 Bb5
45.Rc7 Kg7 46.Rc5 Bd7 47.Ke3 Bf5 48.Kd4 Rb6 49.Bf1 Rb1 50.Bd3 Rd1 51.Kc4 Bh3
52.Kd4 Bf5 53.Rac3 Re8 54.R5c4 Rd8 55.Rc5  1/2-1/2

[Event "Hastings7778"]
[Site "Hastings"]
[Date "1977.??.??"]
[Round "14"]
[White "Nunn, John DM"]
[Black "Speelman, Jonathan S"]
[Result "1/2-1/2"]
[WhiteElo "2410"]
[BlackElo "2395"]

1.e4 c5 2.Nf3 Nc6 3.d4 cxd4 4.Nxd4 Nf6 5.Nc3 d6 6.Bc4 Qb6 7.Nb3 e6 8.O-O Be7
9.a4 O-O 10.a5 Qc7 11.Be2 Rd8 12.f4 Bd7 13.Be3 Nb4  1/2-1/2

[Event "Hastings7778"]
[Site "Hastings"]
[Date "1977.??.??"]
[Round "15"]
[White "Speelman, Jonathan S"]
[Black "Mestel, A Jonathan"]
[Result "1/2-1/2"]
[WhiteElo "2395"]
[BlackElo "2420"]

1.c4 c6 2.d4 d5 3.cxd5 cxd5 4.g3 Nf6 5.Bg2 Nc6 6.Nf3 g6 7.O-O Bg7 8.Nc3 O-O
9.b3 Ne4 10.Bb2 Nxc3 11.Bxc3  1/2-1/2

[Event "BCF-ch"]
[Site "Ayr"]
[Date "1978.08.07"]
[Round "1"]
[White "Knott, Simon JB"]
[Black "Speelman, Jonathan S"]
[Result "0-1"]
[WhiteElo "2205"]
[BlackElo "2410"]

1.c4 e6 2.Nc3 b6 3.d4 Bb7 4.e4 Bb4 5.Bd3 f5 6.Qh5+ g6 7.Qe2 Nf6 8.e5 Bxg2
9.exf6 Qxf6 10.Bf4 Nc6 11.O-O-O Bxh1 12.d5 Bxc3 13.dxc6 Bxc6 14.bxc3 Qxc3+
15.Kb1 O-O-O 16.Nf3 d6 17.Bc1 e5 18.Bb2 Qb4 19.a3 Qc5 20.Nd2 Ba4 21.Rc1 Rhe8
22.Bc2 Bxc2+ 23.Rxc2 Qc6 24.Ka2 e4 25.Nb3 e3 26.f3 Qb7 27.Bf6 Rd7 28.Bg5 f4
29.Nd4 Rf7 30.Nb5 Rf5 31.Bh4 g5 32.Be1 g4 33.fxg4 f3 34.Qd3 Rff8 35.Qd4 Qe4  0-1

[Event "BCF-ch"]
[Site "Ayr"]
[Date "1978.08.08"]
[Round "2"]
[White "Speelman, Jonathan S"]
[Black "Hempson, Peter W"]
[Result "1-0"]
[WhiteElo "2410"]
[BlackElo "2235"]

1.e4 e6 2.Nf3 d5 3.Nc3 Nf6 4.e5 Nfd7 5.d4 c5 6.dxc5 Bxc5 7.Bd3 Nc6 8.Qe2 Nb4
9.O-O Nxd3 10.cxd3 O-O 11.Bg5 f6 12.exf6 Nxf6 13.Rac1 Bd6 14.Nb5 Bb8 15.Ne5 Qb6
16.Bxf6 Bxe5 17.Qxe5 Qxb5 18.Bxg7 Rf7 19.Bh6 Qd7 20.d4 Qe7 21.Rc3 Qf6 22.Rg3+ Kh8
23.Qxf6+  1-0

[Event "BCF-ch"]
[Site "Ayr"]
[Date "1978.08.09"]
[Round "3"]
[White "Littlewood, Paul E"]
[Black "Speelman, Jonathan S"]
[Result "1/2-1/2"]
[WhiteElo "2345"]
[BlackElo "2410"]

1.e4 c5 2.Nf3 e6 3.d4 cxd4 4.Nxd4 Nc6 5.Nb5 d6 6.c4 Nf6 7.N1c3 a6 8.Na3 Be7
9.Be2 O-O 10.O-O b6 11.Be3 Bd7 12.f4 Qb8 13.Qe1 b5 14.cxb5 axb5 15.Naxb5 Nb4
16.Qb1 Bxb5 17.Nxb5 Rc8 18.Nc3 d5 19.exd5 Nbxd5 20.Bd2 Nxc3 21.Bxc3 Nd5 22.Bf3  1/2-1/2

[Event "BCF-ch"]
[Site "Ayr"]
[Date "1978.08.11"]
[Round "5"]
[White "Corden, Martyn J"]
[Black "Speelman, Jonathan S"]
[Result "0-1"]
[WhiteElo "2295"]
[BlackElo "2410"]

1.e4 c5 2.c3 Nf6 3.e5 Nd5 4.d4 cxd4 5.cxd4 b6 6.Qf3 Bb7 7.Nc3 e6 8.Qg3 Nxc3
9.bxc3 Qc8 10.Nh3 Nc6 11.Be2 Ba6 12.Nf4 Bxe2 13.Kxe2 Qa6+ 14.Qd3 Qxd3+ 15.Kxd3 d6
16.exd6 Bxd6 17.Nh5 O-O 18.Be3 Rfd8 19.Rhd1 Rac8 20.c4 Ba3 21.Kc2 Na5 22.c5 bxc5
23.dxc5 Re8 24.Kd3 Nb7 25.Ke2 Nxc5 26.Bc1 Bb4 27.Bb2 e5 28.Rac1 Na4 29.Ba1 Nc3+
30.Bxc3 Bxc3 31.Rd7 a5 32.Kd3 Bb4 33.Rxc8 Rxc8 34.g4 h6 35.h4 Rc3+ 36.Ke4 Rc2
37.Kxe5 Rxf2 38.a4 Re2+ 39.Kf4 Rd2 40.Rxd2 Bxd2+ 41.Kf3 Be1 42.Ng3 Bxg3 43.Kxg3 Kf8
44.Kf4 Ke7 45.Ke5 g6 46.Kd5 f6 47.h5 gxh5 48.gxh5 Kd7 49.Ke4 Ke6 50.Kf4 f5
51.Ke3 Ke5 52.Kf3 f4 53.Ke2 Kf5  0-1

[Event "BCF-ch"]
[Site "Ayr"]
[Date "1978.08.12"]
[Round "6"]
[White "Littlewood, John Eric"]
[Black "Speelman, Jonathan S"]
[Result "1/2-1/2"]
[WhiteElo "2350"]
[BlackElo "2410"]

1.e4 c5 2.Nf3 Nc6 3.Bb5 e6 4.Bxc6 bxc6 5.c4 Ne7 6.Nc3 Ng6 7.d3 Be7 8.O-O e5
9.Ne2 d6 10.Ng3 O-O 11.h3 a5 12.a4 Be6 13.Kh2  1/2-1/2

[Event "BCF-ch"]
[Site "Ayr"]
[Date "1978.08.16"]
[Round "9"]
[White "Mestel, A Jonathan"]
[Black "Speelman, Jonathan S"]
[Result "1/2-1/2"]
[WhiteElo "2450"]
[BlackElo "2410"]

1.e4 c5 2.Nf3 d6 3.d4 cxd4 4.Nxd4 Nf6 5.Nc3 a6 6.Be2 Nbd7 7.Be3 Nc5 8.f3 e6
9.O-O Be7 10.a4 O-O 11.Qd2 Qc7 12.a5 e5 13.Nb3 Be6 14.Nc1 Ncd7 15.Nd5 Nxd5
16.exd5 Bf5 17.c4 Bg6 18.b4 f5 19.Nb3 Nf6 20.Rac1 Bf7 21.f4 Qd7 22.Rfd1 Ne4
23.Qd3 exf4 24.Bxf4 Qa4 25.Nd4 g6 26.Rb1 Bf6 27.Bf3 Rfe8  1/2-1/2

[Event "BCF-ch"]
[Site "Ayr"]
[Date "1978.08.17"]
[Round "10"]
[White "Speelman, Jonathan S"]
[Black "Taulbut, Shaun M"]
[Result "1-0"]
[WhiteElo "2410"]
[BlackElo "2405"]

1.c4 g6 2.g3 Bg7 3.Bg2 e5 4.Nc3 d6 5.e3 Nc6 6.Nge2 Nf6 7.d3 O-O 8.Rb1 Be6
9.Nd5 Bxd5 10.cxd5 Ne7 11.Qb3 c6 12.dxc6 bxc6 13.Bd2 d5 14.O-O Qd7 15.Rfc1 h5
16.Qa4 e4 17.Bb4 exd3 18.Nf4 d4 19.exd4 Ng4 20.Nxd3 Qxd4 21.Qa3 Nf5 22.Bc5 Qf6
23.h3 Ngh6 24.Bxf8 Rxf8 25.Rxc6 Qg5 26.Qa5 Bd4 27.Rc4 Qf6 28.Rc6 Qg5 29.Rd6 Bb6
30.Qd5 Qd2 31.Rxg6+ Kh7 32.Rxb6 axb6 33.Nf4 Qc2 34.Be4  1-0

[Event "Amsterdam zt"]
[Site "Amsterdam"]
[Date "1978.??.??"]
[Round "2"]
[White "Roos, Louis"]
[Black "Speelman, Jonathan S"]
[Result "0-1"]
[WhiteElo "2200"]
[BlackElo "2410"]

1.e4 c5 2.Nc3 e6 3.Nf3 Nc6 4.d4 cxd4 5.Nxd4 a6 6.g3 Nge7 7.Nb3 b6 8.Bg2 Bb7
9.O-O Nc8 10.Bf4 d6 11.Qg4 Qc7 12.Rad1 g6 13.e5 dxe5 14.Bg5 Be7 15.Bxe7 N8xe7
16.Qg5 h6 17.Qf6 O-O 18.g4 Kh7 19.Rd3 Ng8 20.Qh4 Rad8 21.Rh3 Nd4 22.Nxd4 Rxd4
23.Bxb7 Qxb7 24.Qg3 Qc7 25.Re1 Rf4 26.f3 f5 27.g5 b5 28.gxh6 b4 29.Ne2 Rc4
30.c3 bxc3 31.Nxc3 Qb6+ 32.Qf2 Rb8 33.Re2 Nf6 34.Qxb6 Rxb6 35.Rd2 Rd4 36.Re2 Nh5
37.Rxe5 Nf4 38.Rh4 Rxb2 39.Rc5 Ne2+ 40.Nxe2 Rxh4  0-1

[Event "Amsterdam zt"]
[Site "Amsterdam"]
[Date "1978.??.??"]
[Round "3"]
[White "Speelman, Jonathan S"]
[Black "Keogh, Eamon"]
[Result "1-0"]
[WhiteElo "2410"]
[BlackElo "2200"]

1.e4 e5 2.Nf3 Nf6 3.Nxe5 Nxe4 4.Qe2 Qe7 5.Qxe4 d6 6.d4 Nc6 7.Bb5 Bd7 8.O-O dxe5
9.d5 f5 10.Qe2 Nb8 11.Re1 Bxb5 12.Qxb5+ c6 13.Qb3 cxd5 14.Bg5 Qc7 15.Nc3 Nc6
16.Qxd5 Be7 17.Nb5 Qd7 18.Qxd7+ Kxd7 19.Rad1+ Ke8 20.Nc7+ Kf7 21.Bxe7 Kxe7
22.Nxa8 Rxa8 23.c3 Ke6 24.f3 Rd8 25.Rxd8 Nxd8 26.Kf2 Nf7 27.Ke3 Nd6 28.b3 h5
29.f4 Ne4 30.c4 exf4+ 31.Kxf4 g5+ 32.Ke3 Ke5 33.Kd3 h4 34.g3 hxg3 35.hxg3 g4
36.a3  1-0

[Event "Amsterdam zt"]
[Site "Amsterdam"]
[Date "1978.??.??"]
[Round "4"]
[White "Stean, Michael"]
[Black "Speelman, Jonathan S"]
[Result "1/2-1/2"]
[WhiteElo "2510"]
[BlackElo "2410"]

1.c4 e6 2.g3 Nf6 3.Bg2 d5 4.Nf3 Be7 5.O-O O-O 6.d4 b6 7.cxd5 exd5 8.Nc3 Bb7
9.b3 Na6 10.Bb2 c5 11.Ne5 Ne4 12.e3 Rc8 13.Bh3 Nxc3 14.Bxc3 Rc7 15.Bg2 cxd4
16.Bxd4 Nb4 17.Nd3 Nc2  1/2-1/2

[Event "Amsterdam zt"]
[Site "Amsterdam"]
[Date "1978.??.??"]
[Round "5"]
[White "Speelman, Jonathan S"]
[Black "Ligterink, Gert"]
[Result "1-0"]
[WhiteElo "2410"]
[BlackElo "2440"]

1.e4 d6 2.d4 Nf6 3.Nc3 g6 4.Nf3 Bg7 5.Be2 O-O 6.O-O Bg4 7.Be3 Nc6 8.Nd2 Bxe2
9.Qxe2 e5 10.d5 Ne7 11.Rfd1 Qc8 12.Nc4 b5 13.Nxb5 Nxe4 14.Na5 Qa6 15.b4 c6
16.f3 Qxb5 17.Qxb5 cxb5 18.fxe4 f5 19.a4 fxe4 20.axb5 Nf5 21.Ra3 Nd4 22.c4 Rf7
23.Ra2 Raf8 24.Re1 Nf5 25.Rae2 Nxe3 26.Rxe3 Bh6 27.R3e2 e3 28.Nc6 e4 29.Nd4 Rc8
30.Rc1 Rf2 31.c5 Bg7 32.Rxe3 Rb2 33.Nc6 Bh6 34.Rxe4  1-0

[Event "Amsterdam zt"]
[Site "Amsterdam"]
[Date "1978.??.??"]
[Round "7"]
[White "Speelman, Jonathan S"]
[Black "Miles, Anthony J"]
[Result "1/2-1/2"]
[WhiteElo "2410"]
[BlackElo "2565"]

1.e4 e5 2.Nf3 Nf6 3.Nxe5 d6 4.Nf3 Nxe4 5.Qe2 Qe7 6.d3 Nf6 7.Nc3 Qxe2+ 8.Bxe2 Be7
9.O-O O-O 10.Re1 c6 11.Bf1  1/2-1/2

[Event "Amsterdam zt"]
[Site "Amsterdam"]
[Date "1978.??.??"]
[Round "9"]
[White "Speelman, Jonathan S"]
[Black "Langeweg, Kick"]
[Result "1/2-1/2"]
[WhiteElo "2410"]
[BlackElo "2450"]

1.e4 c5 2.Nf3 Nc6 3.d4 cxd4 4.Nxd4 Nf6 5.Nc3 d6 6.g3 g6 7.Nde2 Bg7 8.Bg2 O-O
9.O-O Bd7 10.h3 Rc8 11.Nd5 Na5 12.a4 Nxd5 13.exd5 a6 14.Ra2 Qc7 15.b3 b5
16.axb5 axb5 17.Re1 Ra8 18.Bg5 Nb7 19.Rxa8 Rxa8 20.Nd4 h6 21.Bf4 Qc3 22.Nc6 e5
23.Bd2 Qb2 24.Kh2 Kh7 25.Bc1 Qc3 26.Re3 Qa1 27.Re1 Qc3 28.Re3  1/2-1/2

[Event "Amsterdam zt"]
[Site "Amsterdam"]
[Date "1978.??.??"]
[Round "10"]
[White "Meulders, Richard"]
[Black "Speelman, Jonathan S"]
[Result "0-1"]
[WhiteElo "2225"]
[BlackElo "2410"]

1.e4 c5 2.Nf3 Nc6 3.d4 cxd4 4.Nxd4 Nf6 5.Nc3 d6 6.Bg5 e6 7.Qd2 a6 8.O-O-O Bd7
9.f4 b5 10.Bxf6 gxf6 11.Nxc6 Bxc6 12.Qe1 Be7 13.f5 Qa5 14.Kb1 b4 15.Ne2 Bxe4
16.fxe6 fxe6 17.Nd4 Qe5 18.Bd3 Bxg2 19.Nxe6 Kf7 20.Nc7 Rac8 21.Bc4+ Kf8 22.Ne6+ Ke8
23.Bb3 Be4 24.Rf1 Rg8 25.Nf4 Rg4 26.Qd2 a5 27.Nd5 Rc5 28.Ba4+ Kd8 29.Ne3 Rh4
30.Rf2 f5 31.Bb3 Kc7 32.Qd4 Qxd4 33.Rxd4 Bg5 34.Nd5+ Kc6 35.Ba4+ Kb7 36.Bb3 Bxc2+
37.Bxc2 Rxd4  0-1

[Event "Amsterdam zt"]
[Site "Amsterdam"]
[Date "1978.??.??"]
[Round "11"]
[White "Speelman, Jonathan S"]
[Black "Morrison, Graham"]
[Result "1/2-1/2"]
[WhiteElo "2410"]
[BlackElo "2230"]

1.c4 c5 2.b3 Nc6 3.Bb2 e5 4.Nf3 d6 5.e3 Bf5 6.Nc3 g6 7.Be2 Bg7 8.O-O Nge7
9.d3 O-O 10.Qd2 Be6 11.Rfd1 Nf5 12.a3 Bh6 13.Qc2 Rb8 14.Bf1 a6 15.Ne2 b5
16.cxb5 Rxb5 17.b4 Bxe3 18.fxe3 Nxe3 19.Qd2 Nxd1 20.Rxd1 Nd4 21.bxc5 Nxf3+
22.gxf3 Rxc5 23.d4 Rd5 24.Bg2 Rb5 25.Bc3 Qb6 26.a4 Rb1 27.Rxb1 Qxb1+ 28.Kf2 f6
29.dxe5 dxe5 30.Qd6 Bc4 31.Bb4 Re8 32.Nc3 Qc2+ 33.Kg3 f5 34.f4 Qd3+ 35.Qxd3 exf4+
36.Kxf4 Bxd3 37.Bc5 h6 38.h4 Bc4 39.Bf3 Rd8 40.Ke5 Rd3 41.Bd5+ Bxd5 42.Nxd5 Kf7
43.Nc7 Rh3 44.Nxa6 Rxh4 45.Nb4 Rc4 46.Kd5 Rc1 47.a5 Ra1 48.a6 h5  1/2-1/2

[Event "Amsterdam zt"]
[Site "Amsterdam"]
[Date "1978.??.??"]
[Round "12"]
[White "Timman, Jan H"]
[Black "Speelman, Jonathan S"]
[Result "1-0"]
[WhiteElo "2585"]
[BlackElo "2410"]

1.c4 b6 2.d4 Bb7 3.d5 e6 4.a3 Bd6 5.Nf3 Qe7 6.Nc3 Nf6 7.Bg5 h6 8.Bh4 Na6
9.e3 c6 10.Be2 Nc7 11.Ne4 exd5 12.Nxd6+ Qxd6 13.Bg3 Qe7 14.Bxc7 d6 15.Bxd6 Qxd6
16.cxd5 Qxd5 17.Qxd5 Nxd5 18.Bc4 O-O-O 19.O-O-O Rhf8 20.Bxd5 cxd5 21.Nd4 g6
22.Kd2 Ba6 23.Rc1+ Kb7 24.Rc6 h5 25.Rhc1 Rd7 26.Rf6 Re8 27.a4 Ree7 28.a5 Rc7
29.Nc6 Re8 30.Nb4 Rec8 31.Rxc7+ Rxc7 32.axb6 axb6 33.Nxd5 Rd7 34.e4 Bc4 35.Rxb6+ Ka7
36.Rf6 Bxd5 37.exd5 Rxd5+ 38.Ke3 Rd7 39.Kf4 Kb7 40.Kg5 Kc7 41.h4 Kd8 42.Kh6  1-0

[Event "Amsterdam zt"]
[Site "Amsterdam"]
[Date "1978.??.??"]
[Round "14"]
[White "Speelman, Jonathan S"]
[Black "Feller, Joseph"]
[Result "1-0"]
[WhiteElo "2410"]
[BlackElo "2225"]

1.e4 c5 2.Nf3 Nf6 3.Nc3 d5 4.Bb5+ Bd7 5.e5 d4 6.exf6 dxc3 7.fxg7 cxd2+ 8.Qxd2 Bxg7
9.Bc4 e6 10.O-O Bc6 11.Qe2 Nd7 12.Rd1 Qc7 13.Bxe6 fxe6 14.Qxe6+ Kf8 15.Ng5 Ne5
16.Be3 Qe7 17.f4 Nd7 18.f5 Re8 19.Re1 h6 20.Qxe7+ Rxe7 21.Ne6+ Kf7 22.Nxg7 Kxg7
23.Bd4+ cxd4 24.Rxe7+ Kf6 25.Rae1 Rg8 26.R1e6+  1-0

[Event "Amsterdam zt"]
[Site "Amsterdam"]
[Date "1978.??.??"]
[Round "15"]
[White "Sosonko, Gennadi"]
[Black "Speelman, Jonathan S"]
[Result "1/2-1/2"]
[WhiteElo "2575"]
[BlackElo "2410"]

1.d4 e6 2.Nf3 Nf6 3.c4 b6 4.g3 Ba6 5.b3 Bb4+ 6.Bd2 Be7 7.Nc3 c6 8.e4 d5 9.Bd3 dxc4
10.bxc4 e5 11.Be3 Nbd7 12.O-O Ng4 13.Qe2 Nxe3 14.fxe3 O-O 15.a4 Bb4 16.Qb2 Qe7
17.Nd1 Bd6 18.Nf2 c5 19.d5 Nf6 20.Qc2 Bc8 21.a5 Bd7 22.Rfb1 Bc7 23.axb6 axb6
24.Bf1 Ng4 25.Nxg4 Bxg4 26.Nh4 g6 27.Qf2 Qd6 28.Bd3 Kg7 29.Nf3 Bxf3 30.Qxf3 Ra5  1/2-1/2

[Event "Hastings7879"]
[Site "Hastings"]
[Date "1978.??.??"]
[Round "2"]
[White "Botterill, George Steven"]
[Black "Speelman, Jonathan S"]
[Result "0-1"]
[WhiteElo "2400"]
[BlackElo "2410"]

1.e4 c5 2.Nf3 e6 3.d3 d5 4.Qe2 Be7 5.g3 Nf6 6.Bg2 Nc6 7.O-O b6 8.e5 Nd7 9.c4 Nf8
10.h4 h6 11.Nc3 Bb7 12.Re1 Qd7 13.Bf4 d4 14.Nb5 a6 15.Na3 g5 16.hxg5 Ng6
17.Bd2 hxg5 18.Bxg5 O-O-O 19.Bf6 Rh6 20.Nd2 Rg8 21.Qg4 Ncxe5 22.Bxe5 Bxg2
23.f3 f5  0-1

[Event "Hastings7879"]
[Site "Hastings"]
[Date "1978.??.??"]
[Round "3"]
[White "Speelman, Jonathan S"]
[Black "Andersson, Ulf"]
[Result "1/2-1/2"]
[WhiteElo "2410"]
[BlackElo "2545"]

1.c4 Nf6 2.Nc3 c5 3.Nf3 e6 4.g3 b6 5.Bg2 Bb7 6.O-O Nc6 7.e3 Rc8 8.b3 Be7
9.Bb2 O-O 10.Rc1 d5 11.d3 dxc4 12.dxc4 Nb4 13.Ba1 Ne4 14.Qe2 Qd3 15.Qxd3 Nxd3
16.Rcd1 Rfd8 17.Nxe4 Bxe4 18.Ne5 Bxg2 19.Kxg2 Nb4 20.a3 Na6 21.Rxd8+ Bxd8
22.Rd1 Nb8 23.Bc3 f6 24.Nf3  1/2-1/2

[Event "Hastings7879"]
[Site "Hastings"]
[Date "1978.??.??"]
[Round "4"]
[White "Balshan, Amikam"]
[Black "Speelman, Jonathan S"]
[Result "0-1"]
[WhiteElo "2415"]
[BlackElo "2410"]

1.e4 c5 2.Nf3 e6 3.c3 d5 4.exd5 Qxd5 5.d4 Nc6 6.Be2 cxd4 7.cxd4 Nf6 8.O-O Be7
9.Nc3 Qd6 10.Qb3 O-O 11.Rd1 b6 12.Nb5 Qd8 13.Ne5 Bb7 14.Qh3 a6 15.Nc3 Nb4
16.a3 Nbd5 17.Bd3 Rc8 18.Ne2 Qd6 19.Bg5 g6 20.Ng3 Rfe8 21.Qh4 Rc7 22.Re1 Rec8
23.Rad1 b5 24.Bb1 b4 25.a4 b3 26.Nxf7 Kxf7 27.Ne4 Qc6 28.Rc1 Qxc1 29.Bxc1 Rxc1
30.f3 Bb4 31.Ng5+ Kg8 32.Bxg6 Bxe1 33.Bxh7+ Kg7 34.Nxe6+ Kh8  0-1

[Event "Hastings7879"]
[Site "Hastings"]
[Date "1978.??.??"]
[Round "5"]
[White "Speelman, Jonathan S"]
[Black "Csom, Istvan"]
[Result "1/2-1/2"]
[WhiteElo "2410"]
[BlackElo "2510"]

1.e4 c6 2.c4 d5 3.cxd5 cxd5 4.exd5 Nf6 5.Nc3 g6 6.Bc4 Bg7 7.Nf3 O-O 8.O-O Nbd7
9.d3 Ne8 10.Re1 Nd6 11.Bg5 Nf6 12.Bb3 Bd7 13.Qd2 a5 14.a4 Rc8 15.h3 Re8 16.Re2 Qb6
17.Ba2 Qb4 18.Qe1 h6 19.Bd2 Qxb2 20.Rb1 Qa3 21.Ne5 Qc5 22.Nxd7 Nxd7 23.Nb5 Nxb5
24.Rxb5 Qa3 25.Bc4 b6 26.Bf4 Kh7 27.Rb3 Qc5 28.Qb1 Qd4 29.Be3 Qa1 30.Qxa1 Bxa1
31.Bb5 Red8 32.Bxd7 Rxd7 33.Bxb6 Rb8 34.Rb5 Rdb7 35.Bc7 Rxb5 36.axb5 Rxb5
37.Rxe7 Rxd5 38.Rxf7+ Kg8 39.Re7 a4 40.Re8+ Kf7 41.Ra8 Rxd3 42.Rxa4 Rd1+
43.Kh2 h5 44.Bb6 Be5+ 45.g3 Rd3 46.Kg2 Bd6 47.Ra7+ Ke6 48.Ra6 Ra3  1/2-1/2

[Event "Hastings7879"]
[Site "Hastings"]
[Date "1978.??.??"]
[Round "7"]
[White "Speelman, Jonathan S"]
[Black "Biyiasas, Peter"]
[Result "1/2-1/2"]
[WhiteElo "2410"]
[BlackElo "2450"]

1.c4 g6 2.e4 Bg7 3.d4 d6 4.Nc3 Nf6 5.Nf3 O-O 6.Be2 e5 7.O-O Nc6 8.d5 Ne7
9.b4 Nh5 10.c5 Nf4 11.Bxf4 exf4 12.Rc1 Bg4 13.Nd2 Bxe2 14.Qxe2 g5 15.Qh5 Ng6
16.Nf3 h6 17.Nb5 a5 18.Nbd4 axb4 19.cxd6 cxd6 20.Nf5 Qf6 21.Rc7 Rfc8 22.Rd7 b3
23.Rxd6 Qxd6 24.Nxd6 bxa2 25.Nxc8 a1=Q 26.Nd6 Qb2 27.h4 Ra1 28.Rxa1 Qxa1+
29.Kh2 Qf6 30.Ne8 Qe7 31.Nxg7 Kxg7 32.hxg5 hxg5 33.Nxg5 b5 34.Nf3 Qxe4 35.d6 Qb7
36.Qf5 Kf8 37.Qf6 Ke8 38.Ne5 Nxe5 39.Qxe5+ Kd7 40.Qe7+ Kc6 41.Qe4+  1/2-1/2

[Event "Hastings7879"]
[Site "Hastings"]
[Date "1978.??.??"]
[Round "8"]
[White "Mestel, A Jonathan"]
[Black "Speelman, Jonathan S"]
[Result "0-1"]
[WhiteElo "2450"]
[BlackElo "2410"]

1.e4 c5 2.Nf3 Nc6 3.d4 cxd4 4.Nxd4 Nf6 5.Nc3 d6 6.g3 g6 7.Nde2 Bg7 8.Bg2 Bd7
9.h3 Qc8 10.g4 Rb8 11.g5 Nh5 12.Nd5 f5 13.Bf3 fxe4 14.Bxh5 gxh5 15.Ng3 Nd4
16.Nf6+ Bxf6 17.Qxh5+ Kd8 18.gxf6 Qc4 19.fxe7+ Kc8 20.Rb1 Nxc2+ 21.Kd1 Nd4
22.Kd2 Qd3+ 23.Ke1 Nc2+  0-1

[Event "Hastings7879"]
[Site "Hastings"]
[Date "1978.??.??"]
[Round "9"]
[White "Speelman, Jonathan S"]
[Black "Hartston, William R"]
[Result "1-0"]
[WhiteElo "2410"]
[BlackElo "2475"]

1.c4 g6 2.e4 e5 3.d4 Nf6 4.Nf3 Bb4+ 5.Bd2 Bxd2+ 6.Qxd2 Nxe4 7.Qe3 f5 8.dxe5 Qe7
9.Nc3 Nxc3 10.Qxc3 Na6 11.Be2 Qb4 12.Qxb4 Nxb4 13.O-O Nc6 14.c5 O-O 15.Rfe1 Re8
16.Bb5 Re7 17.Rad1 Kg7 18.h4 a6 19.Ba4 Rb8 20.Nd4 Nxd4 21.Rxd4 b5 22.Bb3 Bb7
23.Red1 Bc6 24.f4 Kf8 25.R1d3 Rg7 26.Rg3 Re8 27.Kf2 Ree7 28.a4 h6 29.Rh3 Re8
30.axb5 axb5 31.Bd5 g5 32.Bxc6 dxc6 33.hxg5 hxg5 34.Rh8+ Ke7 35.Rh6 gxf4
36.Rxc6 Kf8 37.Rf6+ Rf7 38.Rd7 Rxf6 39.exf6 Re6 40.Rxc7 b4 41.Rc8+ Kf7 42.c6  1-0

[Event "Hastings7879"]
[Site "Hastings"]
[Date "1978.??.??"]
[Round "10"]
[White "Vasiukov, Evgeni"]
[Black "Speelman, Jonathan S"]
[Result "1-0"]
[WhiteElo "2555"]
[BlackElo "2410"]

1.e4 c5 2.Nf3 Nc6 3.d4 cxd4 4.Nxd4 Nf6 5.Nc3 d6 6.f3 e5 7.Nb3 Be6 8.Be3 Be7
9.Nd5 O-O 10.Qd2 a5 11.Bb6 Qd7 12.Bb5 Bd8 13.Bxa5 Bxa5 14.Nxf6+ gxf6 15.Nxa5 Rxa5
16.Qxa5 Nxa5 17.Bxd7 Bxd7 18.O-O-O Ra8 19.Rxd6 Be6 20.b3 Nc6 21.Kb2 Kf8 22.a4 Ke7
23.Rd2 f5 24.exf5 Bxf5 25.Re1 h5 26.Re3 Be6 27.f4 exf4 28.Rf3 Ra5 29.Rxf4 Re5
30.Rff2 Nb4 31.Rfe2 Rf5 32.c4 Nc6 33.Rd5 Kf6 34.Rxf5+ Kxf5 35.Kc3 h4 36.b4 Ne5
37.a5 Kf4 38.Kd4 Nd7 39.Rf2+ Kg4 40.b5 h3 41.g3  1-0

[Event "Hastings7879"]
[Site "Hastings"]
[Date "1978.??.??"]
[Round "11"]
[White "Speelman, Jonathan S"]
[Black "Taulbut, Shaun M"]
[Result "1/2-1/2"]
[WhiteElo "2410"]
[BlackElo "2405"]

1.c4 g6 2.Nc3 Bg7 3.d4 d6 4.Nf3 Bg4 5.e3 Nf6 6.Be2 O-O 7.h3 Bf5 8.Nd2 e5
9.d5 a5 10.g4 Bd7 11.g5 Ne8 12.Nde4 f5 13.gxf6 Nxf6 14.h4 Na6 15.Rh2 Nxe4
16.Nxe4 Bf5 17.Ng3 e4 18.Nxf5 gxf5 19.Rg2 Kh8 20.Rxg7 Kxg7 21.Bd2 Nc5 22.Bc3+ Rf6
23.Kd2 Kh8 24.Qg1 Nd7 25.Qg5 Ne5 26.Qf4 Qe7 27.Rg1 Rg8 28.Rg5 Rxg5 29.hxg5 Rf8
30.Bxa5 Ng6 31.Bc3+ Kg8 32.Qg3  1/2-1/2

[Event "Hastings7879"]
[Site "Hastings"]
[Date "1978.??.??"]
[Round "12"]
[White "Kochyev, Alexander"]
[Black "Speelman, Jonathan S"]
[Result "1/2-1/2"]
[WhiteElo "2555"]
[BlackElo "2410"]

1.Nf3 Nf6 2.c4 b6 3.g3 Bb7 4.Bg2 g6 5.b3 Bg7 6.Bb2 O-O 7.O-O Na6 8.Nc3 c5
9.Rc1 d5 10.Nxd5 Nxd5 11.Bxg7 Kxg7 12.cxd5 Qxd5 13.d4 Rfd8 14.dxc5 Nxc5 15.Qc2 Qd6
16.b4 Ne6 17.a3 Rac8 18.Qb2+ f6 19.Rxc8 Rxc8 20.Rc1  1/2-1/2

[Event "Hastings7879"]
[Site "Hastings"]
[Date "1978.??.??"]
[Round "15"]
[White "Lein, Anatoly"]
[Black "Speelman, Jonathan S"]
[Result "1/2-1/2"]
[WhiteElo "2505"]
[BlackElo "2410"]

1.c4 e6 2.Nf3 b6 3.b3 Bb7 4.Bb2 f5 5.e3 Nf6 6.Be2 Be7 7.O-O O-O 8.Nc3 Ne4
9.d3 Nxc3 10.Bxc3 Bf6 11.Qc2 Nc6 12.Rad1 Ne7 13.Nd2 Ng6 14.Bf3 Bxf3 15.Nxf3 Bxc3
16.Qxc3 d6 17.b4 a5 18.a3 Nh4 19.Nxh4 Qxh4 20.c5 axb4 21.axb4 bxc5 22.bxc5 f4
23.exf4 Qxf4 24.cxd6 cxd6 25.g3 Qf3 26.Qb3 Rae8 27.Rde1 h6 28.Re3 Qf6 29.Qa2 Kh8
30.Rfe1 e5 31.R1e2 Ra8 32.Qd5 Ra4 33.Kg2 Rd4 34.Qc6 Qf5 35.Qc3 Qf7 36.f3 Ra8
37.Re4 Ra2 38.Rxa2 Qxa2+ 39.Kh3 Qe6+ 40.Kg2 Qa2+ 41.Kh3 Qe6+ 42.g4 Rxe4 43.dxe4 Kh7
44.Kg3 Qf7 45.Qd2 Qa7 46.Kg2 Qc5 47.h4 Kg6 48.h5+ Kf6 49.Qe1 Qc2+ 50.Kg3 Qc5
51.Kh4 Qc2 52.Kg3 Qc5 53.Kh3 Qa3 54.Qh4+ Ke6 55.Qf2 Qc1 56.Kg2 Qd1 57.Qe3 Kf6
58.Kg3 Qf1 59.Kh2 Ke6 60.Kg3 Kf6  1/2-1/2

[Event "Aaronson"]
[Site "London"]
[Date "1978.??.??"]
[Round "2"]
[White "Speelman, Jonathan S"]
[Black "Ornstein, Axel"]
[Result "0-1"]
[WhiteElo "2410"]
[BlackElo "2425"]

1.c4 c5 2.Nf3 Nf6 3.Nc3 e6 4.g3 b6 5.Bg2 Bb7 6.O-O Be7 7.Re1 d6 8.e4 a6 9.d4 cxd4
10.Nxd4 Qc7 11.Be3 Nbd7 12.Rc1 O-O 13.f4 Rac8 14.Bf2 Qb8 15.Qe2 Rc7 16.f5 e5
17.Nc2 Rfc8 18.Ne3 b5 19.g4 Nc5 20.Ned5 Nxd5 21.Nxd5 Bxd5 22.cxd5 Bg5 23.Be3 Bxe3+
24.Qxe3 Na4 25.f6 Rxc1 26.Rxc1 Rxc1+ 27.Qxc1 gxf6 28.b3 Nc5 29.g5 Qd8 30.gxf6 Qxf6
31.Qe3 b4 32.Bf3 Kg7 33.Kf1 Qf4 34.Qg1+ Kf6 35.Qf2 Nd3  0-1